00591nam a2200181Ia 4500003000900000008004100009020002200050040001600072080001500088100001700103245013500120260002500255300001600280650003600296650002900332650002000361650002800381IN-BaIIA211028s9999 xx 000 0 eng d a978-3-319-65598-7 cIIA Library a52-77bFRA aFrater, R. H 0aFour pillars of radio astronomy: Mills, Christiansen, Wild, BracewellcR. H Frater  aChambSpringerc2017 axvii, 199p. aChristiansen, C-Radio astronomy aMills, B-Radio astronomy aRadio astronomy aWild, P-Radio astronomy